Derecho a la información y ética periodística /

Saved in:
Bibliographic Details
Corporate Authors: Comisión Nacional para el Mejoramiento de la Administración de Justicia, CONAMAJ UE
Format: Text
Published: San José: CONAMAJ
Tags: Add Tag
No Tags, Be the first to tag this record!

MARC

LEADER 00000 a a2200000 04500
001 25950
003
040
020 |a 9968-792-02-0  
090 |a 152003  
110 |a Comisión Nacional para el Mejoramiento de la Administración de Justicia  
245 |a Derecho a la información y ética periodística /  |c Comisión Nacional para el Mejoramiento de la Administración de Justicia  
260 |a San José:   |b CONAMAJ  
300 |a 91 p  
710 |a CONAMAJ   |a UE  
999 |c 13011  |d 13011